header

The law (in plain English) for small business (Record no. 194208)

MARC details
000 -LEADER
fixed length control field 01190nam a22003254a 4500
082 04 - DEWEY DECIMAL CLASSIFICATION NUMBER
Classification number 346.73/0652
100 1# - MAIN ENTRY--AUTHOR NAME
Personal name DuBoff, Leonard D.
245 14 - TITLE STATEMENT
Title The law (in plain English) for small business
250 ## - EDITION STATEMENT
Edition statement 1st ed.
260 ## - PUBLICATION, DISTRIBUTION, ETC. (IMPRINT)
Place of publication Naperville, Ill. :
Name of publisher Sphinx Pub.,
Year of publication 2004.
300 ## - PHYSICAL DESCRIPTION
Number of Pages xvi, 304 p.
500 ## - GENERAL NOTE
General note Includes index.
650 #0 - SUBJECT ADDED ENTRY--TOPICAL TERM
Topical Term Commercial law
Topical Term Small business
856 40 - ELECTRONIC LOCATION AND ACCESS
Uniform Resource Identifier http://site.ebrary.com/lib/rucke/Doc?id=10096069

No items available.

© 2026 Rongo University
Contact us: librarian | system librarian | Rongo university